Quizzes
Events
Quiz Creation
Community
Videos
Private Events
Remove Ads
Sign In
Join for FREE
Feedback
Dark Mode
Quiz Categories
Sports
Geography
Music
Movies
Television
Just For Fun
Miscellaneous
History
Literature
Language
Science
Gaming
Entertainment
Religion
Holiday
For Kids
Quiz Lab
Recent
Popular Today
Quiz Kudos Today
Editor Picks
Curator Picks
Quizzes by...
Day
Popularity
Type
Ratings
Length
Year
Community
Subscriptions
Recent Discussions
Orange Saloon
Badges
Playlists
Quests
Create
Leaderboards
Showdown
Live 5
Trivia Bingo
Activity
Puzzle Library
Sporcle Events
Private Events
Virtual Trivia
Globe League
Become a Host
Pub Owners
SporcleCon
Opinionation
Our Games
Videos
Blog
Mobile Apps
Partnerships
Remove Ads and Go Orange
Feedback
Gaming
Video Games
Board Games
Card Games
Pokémon
Mario
Nintendo
Minecraft
Console
Toys
Legend of Zelda
Gaming
Video Games
Board Games
Card Games
Pokémon
Mario
Nintendo
Minecraft
Console
Toys
Legend of Zelda
Random Quiz
Search Sporcle
×
Quiz Lab
Quiz Lab
Gaming
Type in answers that appear in a list
Type in answers that appear in a list
Classic
Best Score? Go Orange.
Power Stars from Super Mario Galaxy Stats
Can you name the Power stars from Super Mario Galaxy?
By
alexfusco5
20m
121 Questions
40 Plays
40 Plays
40 Plays
Comments
Comments
Give Quiz Kudos
Give Quiz Kudos
-
- Ratings
hide this ad
Replay
Link that replays current quiz
Next Quiz
Link to next quiz in quiz playlist
You Got
0%
They Got
Avg Score
48%
Avg Friend Score
Upgrade to see
Score Distribution
Jump to the score distribution portion of the page
Score
0/121
Timer
20:00
0
Plays Today
Galaxy
Star
% Correct
Good Egg Galaxy
Dino Piranha
85%
Space Junk Galaxy
Pull Star Path
75%
Honeyhive Galaxy
Bee Mario / Luigi Takes Flight
72.5%
Good Egg Galaxy
A Snack of Cosmic Proportions
70%
Good Egg Galaxy
Dino Piranha Speed Run
70%
Good Egg Galaxy
Luigi on the Roof
70%
Honeyhive Galaxy
Trouble on the Tower
70%
Honeyhive Galaxy
Big Bad Bugaboom
70%
Good Egg Galaxy
King Kaliente's Battle Fleet
67.5%
Battlerock Galaxy
Topmaniac and the Topman Tribe
67.5%
Space Junk Galaxy
Tarantox's Tangled Web
65%
Space Junk Galaxy
Pull Star Path Speed Run
65%
Battlerock Galaxy
Breaking into the Battlerock
65%
Bowser Jr's Robot Reactor
Megaleg's Moon
65%
Loopdeeloop Galaxy
Surfing 101
65%
Space Junk Galaxy
Kamella's Airship Attack
62.5%
Battlerock Galaxy
Battlerock Barrage
62.5%
Honeyhive Galaxy
Honeyhive Cosmic Mario / Luigi Race
60%
Space Junk Galaxy
Yoshi's Unexpected Appearance
60%
Battlerock Galaxy
Topmaniac's Daredevil Run
60%
Good Egg Galaxy
Purple Coin Omelet
57.5%
Sweet Sweet Galaxy
Rocky Road
57.5%
Honeyhive Galaxy
The Honeyhive's Purple Coins
55%
Battlerock Galaxy
Luigi Under the Saucer
55%
Bowser's Galaxy Reactor
The Fate of the Universe
55%
Flipswitch Galaxy
Painting the Planet Yellow
55%
Honeyhive Galaxy
Luigi in the Honeyhive Kingdom
52.5%
Beach Bowl Galaxy
Passing the Swim Test
52.5%
Ghostly Galaxy
Bouldergeist's Daredevil Run
52.5%
Ghostly Galaxy
Matter Splatter Mansion
52.5%
Gusty Garden Galaxy
The Dirty Tricks of Major Burrows
52.5%
Gusty Garden Galaxy
Major Burrows's Daredevil Run
52.5%
Freezeflame Galaxy
Hot and Cold Collide
52.5%
Toy Time Galaxy
Mario / Luigi Meets Mario
52.5%
Gateway Galaxy
Grand Star Rescue
52.5%
Battlerock Galaxy
Purple Coins on the Battlerock
50%
Battlerock Galaxy
Battlerock's Garbage Dump
50%
Beach Bowl Galaxy
Fast Foes on the Cyclone Stone
50%
Ghostly Galaxy
Luigi and the Haunted Mansion
50%
Ghostly Galaxy
Beware of Bouldergeist
50%
Gusty Garden Galaxy
Gusty Garden's Gravity Scramble
50%
Galaxy
Star
% Correct
Gusty Garden Galaxy
The Golden Chomp
50%
Toy Time Galaxy
Luigi's Purple Coins
50%
Dreadnought Galaxy
Revenge of the Topman Tribe
50%
Melty Molten Galaxy
The Sinking Lava Spire
50%
Melty Molten Galaxy
Fiery Dino Piranha
50%
Melty Molten Galaxy
Lava Spire Daredevil Run
50%
Hurry Scurry Galaxy
Shrinking Satellite
50%
Beach Bowl Galaxy
The Secret Undersea Cavern
47.5%
Ghostly Galaxy
A Very Spooky Sprint
47.5%
Freezeflame Galaxy
Freezeflame's Blistering Core
47.5%
Gold Leaf Galaxy
When it Rains, it Pours
47.5%
Toy Time Galaxy
Heavy Metal Mecha-Bowser
47.5%
Toy Time Galaxy
Bouncing Down Cake Lane
47.5%
Deep Dark Galaxy
Boo in a Box
47.5%
Dreadnought Galaxy
Topman Tribe Speed Run
47.5%
Sand Spiral Galaxy
Choosing a Favorite Snack
47.5%
Rolling Gizmo Galaxy
Gizmos, Gears, and Gadgets
47.5%
Grand Finale Galaxy
The Star Festival
47.5%
Freezeflame Galaxy
The Frozen Peak of Baron Brrr
45%
Freezeflame Galaxy
Frosty Cosmic Mario / Luigi Race
45%
Freezeflame Galaxy
Conquering the Summit
45%
Dusty Dune Galaxy
Bullet Bill on Your Back
45%
Sea Slide Galaxy
Hurry, He's Hungry
45%
Bowser's Star Reactor
The Fiery Stronghold
45%
Bowser Jr's Airship Armada
Sinking the Airships
45%
Sling Pod Galaxy
A Very Sticky Situation
45%
Matter Splatter Galaxy
Watch Your Step
45%
Snow Cap Galaxy
Star Bunnies in the Snow
45%
Loopdeeswoop Galaxy
The Galaxy's Greatest Wave
45%
Space Junk Galaxy
Purple Coin Spacewalk
42.5%
Beach Bowl Galaxy
Sunken Treasure
42.5%
Beach Bowl Galaxy
Beachcombing for Purple Coins
42.5%
Freezeflame Galaxy
Purple Coins on the Summit
42.5%
Dusty Dune Galaxy
Blasting through the Sand
42.5%
Dusty Dune Galaxy
Sunbaked Sand Castle
42.5%
Gold Leaf Galaxy
Star Bunnies on the Hunt
42.5%
Gold Leaf Galaxy
Cataquack to the Skies
42.5%
Sea Slide Galaxy
Underwater Cosmic Mario / Luigi Race
42.5%
Deep Dark Galaxy
The Underground Ghost Ship
42.5%
Deep Dark Galaxy
Ghost Ship Daredevil Run
42.5%
Melty Molten Galaxy
Through the Meteor Storm
42.5%
Galaxy
Star
% Correct
Bowser Jr's Lava Reactor
King Kaliente's Spicy Return
42.5%
Bubble Breeze Galaxy
Through the Poison Swamp
42.5%
Drip Drop Galaxy
Giant Eel Outbreak
42.5%
Honeyclimb Galaxy
Scaling the Sticky Wall
42.5%
Bonefin Galaxy
Kingfin's Fearsome Waters
42.5%
Boo's Boneyard Galaxy
Racing the Spooky Speedster
42.5%
Bubble Blast Galaxy
The Electric Labyrinth
42.5%
Beach Bowl Galaxy
Wall Jumping up Waterfalls
40%
Ghostly Galaxy
Purple Coins in the Bone Pen
40%
Gusty Garden Galaxy
Purple Coins on the Puzzle Cube
40%
Dusty Dune Galaxy
Sandblast Speed Run
40%
Dusty Dune Galaxy
Purple Coins in the Desert
40%
Sea Slide Galaxy
The Silver Stars of Sea Slide
40%
Toy Time Galaxy
Fast Foes of Toy Time
40%
Deep Dark Galaxy
Bubble Blastoff
40%
Dreadnought Galaxy
Infiltrating the Dreadnought
40%
Melty Molten Galaxy
Red-Hot Purple Coins
40%
Melty Molten Galaxy
Burning Tide
40%
Bowser's Dark Matter Plant
Darkness on the Horizon
40%
Rolling Green Galaxy
Rolling in the Clouds
40%
Gusty Garden Galaxy
Bunnies in the Wind
37.5%
Dusty Dune Galaxy
Soaring on the Desert Winds
37.5%
Gold Leaf Galaxy
Cosmic Mario / Luigi Forest Race
37.5%
Gold Leaf Galaxy
The Bell on the Big Tree
37.5%
Sea Slide Galaxy
Going after Guppy
37.5%
Sea Slide Galaxy
Faster Than a Speeding Penguin
37.5%
Toy Time Galaxy
The Flipswitch Chain
37.5%
Deep Dark Galaxy
Guppy and the Underground Lake
37.5%
Dreadnought Galaxy
Dreadnought's Colossal Cannons
37.5%
Buoy Base Galaxy
The Secret of Buoy Base
37.5%
Bigmouth Galaxy
Bigmouth's Gold Bait
37.5%
Gateway Galaxy
Gateway's Purple Coins
37.5%
Dusty Dune Galaxy
Treasure of the Pyramid
35%
Dreadnought Galaxy
Battlestation's Purple Coins
35%
Dreadnought Galaxy
Dreadnought's Garbage Dump
35%
Buoy Base Galaxy
The Floating Fortress
35%
Gold Leaf Galaxy
Purple Coins in the Woods
32.5%
Deep Dark Galaxy
Plunder the Purple Coins
32.5%
Sea Slide Galaxy
Purple Coins by the Seaside
30%
Quiz Playlist
Details
Report
Send in Message
Add To Playlist
Classic:
Type in answers that appear in a list
Last Updated: Feb 16, 2017
Quiz Scoreboard
CHALLENGE
Sign Up to Join the Scoreboard
Show All
Scores
Hide
Comments
May contain spoilers
Recently Published
9x9 Crossword: Cartoon Network
by jackfrog10
Miscellaneous
3m
College Basketball Coaching Resumes
by pancakes188
Sports
9m
Billboard Blitz: Fleetwood Mac
by CooCooCachoo
Music
15s
More to Explore
Quiz From the Vault
Featured Blog Post
Where Did the Easter Bunny Come From?
hide this ad
You Might Also Like...
Tags
This quiz does not have any tags.
Today's Top Quizzes in Gaming
Browse Gaming
hide this ad
Top Contributed Quizzes in Gaming
1
5-to-1: Consoles
2
7-to-1: Board Game Piece Blitz
3
5-to-1: Legend of Zelda
4
League of Legends Pro Players by Career/Team History
5
Destiny 2 exotic weapons by perk icons
6
Ultimate Genshin Impact Logic Puzzle (up to 4.3)
7
Franchise by Action Figure
8
Who's on the WWE 2K24 Cover?
9
Genshin Impact Logic Puzzle Quiz
10
Overwatch Logic Puzzle
Explore More
Trending Topics
Kpop
Crossword
Marvel
Disney
NBA
Harry Potter
Anime
WWE
Pokémon
NFL
Song
The Office
Country
Soccer
Puzzle
hide this ad
More By:
alexfusco5
Quiz
Plays
Rating
Category
Featured
Created
Power Stars from Super Mario Galaxy
40
5.00
Gaming
Mar 10, 2010
Matteau Call
5
Sports
Dec 29, 2018
Go to Creator's Profile
Score Distribution
Quiz Creator Spotlight
alexfusco5
Follow
Send a Message
Quizzes Created
-
Created Quiz Play Count
-
More By This Creator
Popular Quizzes Today
1
Find the US States - No Outlines Minefield
2
Find the Countries of Europe - No Outlines Minefield
3
The Countries of the World
4
Find the US States
5
Risky Map Clicking: Biggest States A-Z
6
US States
7
Popular People in 1961
8
Movies - When Are They Set?
More Gaming Quizzes
Video Games Missing a Letter
Published
Trending Quizzes
Risky Map Clicking: Least Populous States A-Z
1-10 Letter G Words
1-10 Letter F Words
Risky Map Clicking: Next State Alphabetically
Adjectives in 80s TV Shows
Recently Updated
Leaping Animals
pecheneg
Reality TV Shows (A-Z)
bhenderson79
Rickey Henderson's Hall of Fame Teammates
pecheneg
Champions League XIs: Arsenal
pecheneg
Quick Pick: Celebrities in WWE's Hall of Fame
aduchscher
A-Z Keypad Blitz II
pecheneg
Multiple Oscar Actors
pecheneg
Mystery Phrase Blitz: Oscar 'Best Actors'
pecheneg
F. Scott Fitzgerald Novels
LTH
Pick 3 Villains
ddd62291
Trending Topics
Disney
Anime
NBA
Marvel
Crossword
Harry Potter
Kpop
The Office
NFL
Song
Soccer
Country
WWE
Puzzle
Pokémon
Your Account Isn't Verified!
In order to create a playlist on Sporcle, you need to verify the email address you used during registration. Go to your
Sporcle Settings
to finish the process.
Report this User
Report this user for behavior that violates our
Community Guidelines
.
Details:
Send Report
Go to the Sporcle.com Mobile Site →
Comments